Celebrity last names - Statistics

General Stats
  • This quiz has been taken 559 times
  • The average score is 10 of 16
Answer Stats
Hint Answer % Correct
Timberlake Justin
100%
Bieber Justin
93%
Lovato Demi
91%
Dion Celine
88%
Legend John
88%
Jackson Michael
86%
Styles Harry
85%
Grande Ariana
84%
Lavigne Avril
81%
Knowles Beyonce
71%
Iglasias Enrique
57%
Smith Sam
28%
Andre Peter
27%
Ruess Nate
12%
Stump Patrick
10%
Williams Hayley
5%
No matching quizzes found
Score Distribution
Percent of People with Each Score
Percentile by Number Answered
Your Score History
You have not taken this quiz